Biggest Cities in Georgia - Statistics

General Stats
  • This quiz has been taken 11 times
  • The average score is 4 of 10
Answer Stats
Population City % Correct
1,108,717 Tbilisi
100%
152,839 Batumi
80%
147,635 Kutaisi
70%
48,143 Gori
50%
125,103 Rustavi
30%
41,465 Poti
10%
30,000 Tshkinvali
10%
42,998 Zugdidi
10%
33,627 Khashuri
0%
39,100 Sokhumi
0%
No matching quizzes found
Score Distribution
Percent of People with Each Score
Percentile by Number Answered
Your Score History
You have not taken this quiz